[Event "G7-gruppe 1"]
[Site "Elsinore"]
[Date "2013.03.31"]
[Round "6"]
[White "Nielsen, Michael"]
[Black "Murtuzov, Rauf Mubariz"]
[Result "1-0"]
[WhiteElo "2101"]
[BlackElo "1923"]
[PlyCount "117"]
[EventDate "2013.03.26"]
[EventType "swiss"]
[EventRounds "7"]
[EventCountry "DEN"]
[Source "ChessBase"]
[SourceDate "2013.11.20"]

1. d4 Nf6 2. Bg5 e6 3. e3 h6 4. Bh4 Be7 5. Bd3 O-O 6. Nf3 d6 7. Nbd2 Nbd7 8. c3
b6 9. Qe2 a6 10. O-O Bb7 11. Rfe1 c5 12. Rac1 Qc7 13. e4 Rfe8 14. Bc2 e5 15.
dxe5 dxe5 16. Nc4 Nh5 17. Bg3 Nf4 18. Qe3 Bg5 19. Nxg5 hxg5 20. Rcd1 Re6 21.
Qd2 Rd8 22. Ne3 Ree8 23. Qd6 Qxd6 24. Rxd6 Re6 25. Rxe6 Nxe6 26. Rd1 Kf8 27.
Nc4 f6 28. f3 g6 29. Bb3 Ke7 30. Bf2 Bc8 31. a4 Rh8 32. Ne3 Bb7 33. Bd5 Rb8 34.
b4 Nc7 35. Bb3 Rd8 36. Nc4 Na8 37. Nd6 Bc6 38. b5 axb5 39. axb5 Nb8 40. bxc6
Rxd6 41. Ra1 Nc7 42. Ra7 Nba6 43. Bd5 Kd8 44. c4 b5 45. cxb5 Nxd5 46. Ra8+ Kc7
47. Rxa6 Nf4 48. b6+ Kd8 49. c7+ Kd7 50. c8=Q+ Kxc8 51. b7+ Kxb7 52. Rxd6 c4
53. Be1 f5 54. g3 Nd3 55. Bc3 g4 56. exf5 gxf3 57. Rxd3 cxd3 58. fxg6 e4 59.
Kf2 1-0